000 00349nam a22001217a 4500
999 _c2375
_d2375
005 20200914120514.0
008 200914b ||||| |||| 00| 0 eng d
020 _a0415033306
040 _cCML
245 _aWomen Remember: An Oral History.
_cSmith, A.
260 _aLondon
_bRoutledge Publication
_c1989
942 _2ddc
_cBK
_h941
_mSMI